[Event "ISL-chB"]
[Site "Reykjavik"]
[Date "2009.08.29"]
[Round "2"]
[White "Gunnarsson, Gunnar K"]
[Black "Stefansson, Fridrik Thjalfi"]
[Result "1-0"]
[WhiteElo "2224"]
[BlackElo "1694"]
[PlyCount "65"]
[EventDate "2009.08.29"]
[EventType "swiss"]
[EventRounds "9"]
[EventCountry "ISL"]
[SourceTitle "EXT 2012"]
[Source "ChessBase"]
[SourceDate "2011.11.24"]
[SourceVersion "1"]
[SourceVersionDate "2011.11.24"]
[SourceQuality "1"]

1. e4 e6 2. d4 d5 3. e5 c5 4. Nf3 Nc6 5. Bb5 Qb6 6. Bxc6+ bxc6 7. 0-0 cxd4 8. Nxd4 Bc5 9. c3 Ne7 10. b4 Bxd4 11. Qxd4 Nf5 12. Qxb6 axb6 13. Nd2 Ba6 14. Re1 d4 15. c4 0-0-0 16. Ne4 Bxc4 17. Bg5 f6 18. exf6 g6 19. f7 Rd7 20. g4 h6 21. Bf6 Rf8 22. gxf5 gxf5 23. Nd2 b5 24. Nxc4 bxc4 25. Rxe6 Kc7 26. Bg7 Rfxf7 27. Bxh6 c3 28. Rc1 f4 29. Ree1 d3 30. Rxc3 d2 31. Rd1 f3 32. Rxd2 Rde7 33. Re3 1-0

[Event "ISL-chB"]
[Site "Reykjavik"]
[Date "2009.08.29"]
[Round "1"]
[White "Stefansson, Fridrik Thjalfi"]
[Black "Olafsson, Thorvadur F"]
[Result "0-1"]
[WhiteElo "1694"]
[BlackElo "2211"]
[PlyCount "94"]
[EventDate "2009.08.29"]
[EventType "swiss"]
[EventRounds "9"]
[EventCountry "ISL"]
[SourceTitle "EXT 2012"]
[Source "ChessBase"]
[SourceDate "2011.11.24"]
[SourceVersion "1"]
[SourceVersionDate "2011.11.24"]
[SourceQuality "1"]

1. e4 e5 2. Nf3 Nc6 3. Bb5 a6 4. Bxc6 dxc6 5. 0-0 Qf6 6. d4 exd4 7. Bg5 Qd6 8. Qxd4 Qxd4 9. Nxd4 Bd7 10. Nc3 Be7 11. Bxe7 Nxe7 12. f4 0-0-0 13. f5 f6 14. Rad1 Rhe8 15. Nf3 Ng8 16. Rfe1 Nh6 17. h3 Nf7 18. g4 Ne5 19. Nxe5 Rxe5 20. Rd4 Rde8 21. Kf2 b6 22. Kf3 c5 23. Rd5 R5e7 24. Rd2 Bc6 25. Nd5 Re5 26. c4 Bxd5 27. Rxd5 Rxd5 28. cxd5 Kd7 29. h4 Kd6 30. Kf4 h6 31. g5 hxg5+ 32. hxg5 Rh8 33. gxf6 gxf6 34. Rg1 Rh4+ 35. Kf3 Ke5 36. Rg7 Rf4+ 37. Kg3 Rxe4 38. Rxc7 Kxd5 39. Kf3 Rb4 40. b3 Ke5 41. Ke3 Kxf5 42. Kd3 Rd4+ 43. Kc3 Ke5 44. Rc6 Rd6 45. Rc8 f5 46. b4 cxb4+ 47. Kxb4 f4 0-1

[Event "Reykjavik-ch"]
[Site "Reykjavik"]
[Date "2009.01.11"]
[Round "1"]
[White "Stefansson, Fridrik Thjalfi"]
[Black "Thorsteinsdottir, Gudlaug"]
[Result "1-0"]
[WhiteElo "1640"]
[BlackElo "2134"]
[PlyCount "93"]
[EventDate "2009.01.11"]
[EventType "swiss"]
[EventRounds "9"]
[EventCountry "ISL"]
[SourceTitle "EXT 2010"]
[Source "ChessBase"]
[SourceDate "2010.11.25"]
[SourceVersion "1"]
[SourceVersionDate "2010.11.25"]
[SourceQuality "1"]

1. e4 c5 2. Nc3 e6 3. Nge2 Nc6 4. g3 Nf6 5. Bg2 Be7 6. 0-0 0-0 7. h3 Rb8 8. a4 a6 9. d3 d6 10. Be3 Qc7 11. Qd2 b5 12. f4 b4 13. Nd1 Bb7 14. g4 Nd7 15. f5 Nce5 16. fxe6 fxe6 17. Nf4 Nb6 18. Nxe6 Rxf1+ 19. Kxf1 Qd7 20. Nf4 Rf8 21. Kg1 Nxa4 22. b3 Nb6 23. d4 cxd4 24. Bxd4 Qb5 25. Nd3 Nf3+ 26. Bxf3 Rxf3 27. Qxb4 Qxb4 28. Nxb4 Nd7 29. Nd5 Bh4 30. Kg2 Rf8 31. N1e3 Rf2+ 32. Kg1 Rd2 33. Nf5 Bd8 34. c3 Ne5 35. Bxe5 dxe5 36. c4 g6 37. Nd6 Bxd5 38. exd5 Bb6+ 39. Kh1 Rd3 40. b4 Rxh3+ 41. Kg2 Rb3 42. c5 Bc7 43. Rxa6 Rxb4 44. Ra8+ Bb8 45. c6 Kg7 46. Nb7 Bc7 47. d6 1-0

[Event "ISL-chB"]
[Site "Reykjavik"]
[Date "2008.09.04"]
[Round "9"]
[White "Stefansson, Fridrik Thjalfi"]
[Black "Jonsson, Olafur Gisli"]
[Result "1/2-1/2"]
[WhiteElo "1455"]
[BlackElo "1898"]
[PlyCount "53"]
[EventDate "2008.08.27"]
[EventType "swiss"]
[EventRounds "9"]
[EventCountry "ISL"]
[SourceTitle "EXT 2010"]
[Source "ChessBase"]
[SourceDate "2010.11.25"]
[SourceVersion "1"]
[SourceVersionDate "2010.11.25"]
[SourceQuality "1"]

1. e4 c5 2. Nc3 Nc6 3. g3 g6 4. Bg2 Bg7 5. Nge2 Rb8 6. 0-0 b5 7. d3 b4 8. Nd5 e6 9. Ne3 Nge7 10. f4 d6 11. g4 Nd4 12. Ng3 0-0 13. h4 f5 14. g5 Ba6 15. h5 Rf7 16. exf5 Ndxf5 17. Ngxf5 exf5 18. Nd5 Bb7 19. Nxe7+ Rxe7 20. Rb1 Bxg2 21. Kxg2 Qa5 22. Re1 Rbe8 23. Rxe7 Rxe7 24. a3 Bd4 25. Qf3 bxa3 26. bxa3 Qd8 27. Bb2 1/2-1/2

[Event "Reykjavik Hellir CC Stiga"]
[Site "Reykjavik"]
[Date "2007.05.17"]
[Round "2"]
[White "Vigfusson, Vigfus Odon"]
[Black "Stefansson, Fridrik Thjalfi"]
[Result "1-0"]
[WhiteElo "1905"]
[BlackElo "1335"]
[PlyCount "51"]
[EventDate "2007.05.17"]
[EventType "swiss"]
[EventRounds "6"]
[EventCountry "ISL"]
[SourceTitle "EXT 2024"]
[Source "ChessBase"]
[SourceDate "2023.10.10"]
[SourceVersion "1"]
[SourceVersionDate "2023.10.10"]
[SourceQuality "1"]

1. c4 Nf6 2. Nc3 g6 3. g3 Bg7 4. Bg2 c6 5. e4 Qc7 6. Nge2 d6 7. d3 Nbd7 8. 0-0 0-0 9. Rb1 e5 10. b4 a5 11. b5 Rb8 12. h3 Rd8 13. Be3 Nc5 14. Qd2 Be6 15. f4 exf4 16. Nxf4 Qd7 17. d4 Bxc4 18. dxc5 Bxf1 19. Bxf1 dxc5 20. Qc2 b6 21. bxc6 Qxc6 22. Bg2 Qe8 23. Re1 Nd7 24. Ncd5 Ne5 25. Rb1 Qc6 26. Ne7+ 1-0